[Event "Landesliga U20 Nord 1112"]
[Site "Bayern"]
[Date "2011.12.03"]
[Round "3.1"]
[White "Klek, Hanna Marie"]
[Black "Heckel, Christopher"]
[Result "1-0"]
[WhiteElo "2202"]
[BlackElo "1845"]
[PlyCount "45"]
[EventDate "2011.11.12"]
[EventType "team-tourn"]
[EventRounds "7"]
[EventCountry "GER"]
[SourceTitle "EXT 2022"]
[Source "ChessBase"]
[SourceDate "2021.10.06"]
[SourceVersion "1"]
[SourceVersionDate "2021.10.06"]
[SourceQuality "1"]
[WhiteTeam "Erlangen SC U20"]
[BlackTeam "Hoechstadt SC U20"]
[WhiteTeamCountry "GER"]
[BlackTeamCountry "GER"]

1. e4 e5 2. Bc4 Nf6 3. d3 Nc6 4. Nf3 Bc5 5. c3 d6 6. Nbd2 Bg4 7. h3 Bh5 8. Nf1 0-0 9. g4 Bg6 10. Bg5 Ne7 11. Ne3 Bxe3 12. fxe3 c6 13. Bb3 Qc7 14. Bxf6 gxf6 15. Nh4 d5 16. Qf3 dxe4 17. Qxf6 exd3 18. Nf5 d2+ 19. Kf2 Nxf5 20. gxf5 Qd8 21. Qxd8 Raxd8 22. fxg6 hxg6 23. Ke2 1-0

[Event "Landesliga U20 Nord 1011"]
[Site "Bayern"]
[Date "2010.12.04"]
[Round "3.1"]
[White "Ter Akopyan, Bagrat"]
[Black "Heckel, Christopher"]
[Result "1-0"]
[WhiteElo "2040"]
[BlackElo "1838"]
[PlyCount "27"]
[EventDate "2010.10.16"]
[EventType "team-tourn"]
[EventRounds "7"]
[EventCountry "GER"]
[SourceTitle "EXT 2022"]
[Source "ChessBase"]
[SourceDate "2021.10.06"]
[SourceVersion "1"]
[SourceVersionDate "2021.10.06"]
[SourceQuality "1"]
[WhiteTeam "Puschendorf U20"]
[BlackTeam "Hoechstadt SC U20"]
[WhiteTeamCountry "GER"]
[BlackTeamCountry "GER"]

1. e4 e5 2. Nf3 Nc6 3. Bc4 Bc5 4. b4 Bxb4 5. c3 Ba5 6. d4 exd4 7. 0-0 d6 8. cxd4 Nf6 9. e5 dxe5 10. d5 e4 11. Qa4 Nxd5 12. Ne5 Qd6 13. Nxc6 Qxc6 14. Bb5 1-0

[Event "Oberfranken-ch U18 0809"]
[Site "Schney"]
[Date "2009.01.05"]
[Round "7"]
[White "Heckel, Christopher"]
[Black "Stoecklein, Chris"]
[Result "1-0"]
[WhiteElo "1818"]
[BlackElo "1351"]
[PlyCount "29"]
[EventDate "2009.01.02"]
[EventType "tourn"]
[EventRounds "7"]
[EventCountry "GER"]
[SourceTitle "EXT 2012"]
[Source "ChessBase"]
[SourceDate "2011.11.24"]
[SourceVersion "1"]
[SourceVersionDate "2011.11.24"]
[SourceQuality "1"]

1. e4 e5 2. Nf3 Nc6 3. Bb5 Nge7 4. c3 d6 5. d4 Bd7 6. Be3 a6 7. Bc4 Bg4 8. Bxf7+ Kd7 9. dxe5 Bxf3 10. Qxf3 Nxe5 11. Qh3+ Kc6 12. Bb3 d5 13. 0-0 dxe4 14. Rd1 Nd3 15. Qe6+ 1-0

[Event "Oberfranken-ch U18 0809"]
[Site "Schney"]
[Date "2009.01.02"]
[Round "2"]
[White "Straetker, Sebastian"]
[Black "Heckel, Christopher"]
[Result "0-1"]
[WhiteElo "1402"]
[BlackElo "1818"]
[PlyCount "64"]
[EventDate "2009.01.02"]
[EventType "tourn"]
[EventRounds "7"]
[EventCountry "GER"]
[SourceTitle "EXT 2012"]
[Source "ChessBase"]
[SourceDate "2011.11.24"]
[SourceVersion "1"]
[SourceVersionDate "2011.11.24"]
[SourceQuality "1"]

1. e4 c5 2. Nf3 d6 3. d4 cxd4 4. Nxd4 Nf6 5. Nc3 a6 6. Be2 e6 7. Be3 Qc7 8. 0-0 b5 9. a3 Bb7 10. Bd3 Nbd7 11. f3 Ne5 12. Qe2 Be7 13. Rad1 Nc4 14. Bxc4 bxc4 15. Qe1 d5 16. exd5 Bxd5 17. Bg5 0-0 18. Kh1 Rfe8 19. f4 Qb7 20. Nxd5 exd5 21. Bxf6 Bxf6 22. Qb4 Qxb4 23. axb4 Bxd4 24. Rxd4 Re2 25. Rxd5 Rxc2 26. Rfd1 g6 27. Rd8+ Rxd8 28. Rxd8+ Kg7 29. Kg1 Rxb2 30. Ra8 c3 31. Rxa6 c2 32. Rc6 Rb1+ 0-1